000 00332 a2200145 4500
001 156040
040 _cEscola São Tomás de Aquino
100 _aHIRATSUKA, Lúcia
240 1 0 _aCorrida dos caracóis
_lpor
245 1 0 _aCorrida dos caracóis
300 _a22
362 0 _a2010
697 _a*LITERATURA INFANTIL
942 _cBK
999 _c156040
_d156040